000 00536nam a2200157 i 4500
001 79476
003 ES-MaACL
005 20230906174002.0
007 t|
008 041021s1958 sp ||||1| spa d
100 1 _aHeras, Antonio Melchor de las.
_962632
245 1 3 _aLa influencia de los valores morales sobre el ordenamiento jurídico base de un mundo mejor /
_cAntonio Melchor de las Heras.
260 _aValencia :
_b[s.n.],
_c1958 (
_fImp. Suc. de Vives Mora)
300 _a58 p. ;
_c18 cm.
852 _aES-MaACL
_jC-24392
_bR.52760
999 _c79476
_d79476